<?xml version="1.0" encoding="UTF-8"?>
<collection xmlns="http://www.loc.gov/MARC21/slim">
  <record>
    <leader>00000nam  2200000   4500</leader>
    <controlfield tag="001">INLIS000000000000625</controlfield>
    <controlfield tag="005">20180724135610</controlfield>
    <controlfield tag="008">180724|||||||||   |   |||   |||| ||   | </controlfield>
    <datafield tag="035" ind1=" " ind2=" ">
      <subfield code="0">010-0718000625</subfield>
    </datafield>
    <datafield tag="041" ind1=" " ind2=" ">
      <subfield code="a">id</subfield>
    </datafield>
    <datafield tag="082" ind1=" " ind2=" ">
      <subfield code="a">009</subfield>
    </datafield>
    <datafield tag="090" ind1=" " ind2=" ">
      <subfield code="a">R 009 PIM I 2014</subfield>
    </datafield>
    <datafield tag="100" ind1=" " ind2=" ">
      <subfield code="a">Nurdin</subfield>
    </datafield>
    <datafield tag="245" ind1=" " ind2=" ">
      <subfield code="a">Percepatan Proses Fasilitator Pembentukan/Penjenjangan Jabatan Fungsional dan Peningkatan Kompetensi Auditor Intern Pemerintah Melalui Optimalisasi Pemanfaatan E-Learning</subfield>
    </datafield>
    <datafield tag="260" ind1=" " ind2=" ">
      <subfield code="a">Jakarta</subfield>
      <subfield code="b">LAN akarta</subfield>
      <subfield code="c">2014</subfield>
    </datafield>
    <datafield tag="300" ind1=" " ind2=" ">
      <subfield code="a">37 hlm.</subfield>
    </datafield>
    <datafield tag="500" ind1=" " ind2=" ">
      <subfield code="a">Proyek perubahan ini diharapkan mampu melakukan percepatan yang signifikan dalam proses pemenuhan kekurangan jumlah dan kompetensi auditor intern pemerintah saat ini.  Proses fasilitasi diklat dan ujian sertifikasi auditor intern pemerintah secara elektronik (melalui e-learning) merupakan salah satu solusi yang efektif untuk mempercepat proses fasilitasi diklat/ujian sertifikasi auditor.  Melalui proses diklat secara elektronik, jumlah peserta terdiklat dan teruji dapat ditingkatkan secara signifikan dalam kurun waktu yang relatif lebih singkat.  Di samping itu, melalui proses pembelajaran secara online, biaya diklat maupun biaya pengembangan kapasitas penyelenggaraan diklat juga akan menjadi lebih hemat dan efisien.</subfield>
    </datafield>
    <datafield tag="650" ind1=" " ind2=" ">
      <subfield code="a">Jabatan Fungsional</subfield>
    </datafield>
  </record>
</collection>
